Petroleum and mineral resources (Record no. 33467)

MARC details
000 -LEADER
fixed length control field 00444nam a2200181Ia 4500
020 ## - INTERNATIONAL STANDARD BOOK NUMBER
ISBN 9781845647582
050 ## - CALL MARK
Classification number TN 870.5 .K46/
100 ## - STATEMENT OF RESPONSIBILITY--MAIN AUTHOR NAME
Personal name Khoshnaw, Fuad M.
245 #0 - TITLE STATEMENT
Title Petroleum and mineral resources
260 ## - PUBLICATION, DISTRIBUTION, ETC. (IMPRINT)
Place of publication Southampton
260 ## - PUBLICATION, DISTRIBUTION, ETC. (IMPRINT)
Name of publisher WIT Press
260 ## - PUBLICATION, DISTRIBUTION, ETC. (IMPRINT)
Year of publication 2013
300 ## - PHYSICAL DESCRIPTION
Number of Pages 305 p
650 ## - SUBJECT ADDED ENTRY--TOPICAL TERM
Topical Term Petroleum and mineral resources
942 ## - ADDED ENTRY ELEMENTS (KOHA)
Koha item type Books
Holdings
Withdrawn status Lost status Source of classification or shelving scheme Damaged status Not for loan Permanent Location Current Location Date acquired Accession Number Price effective from Koha item type
    Library of Congress Classification     NILE UNIVERSITY OF NIGERIA - MAIN LIBRARY NILE UNIVERSITY OF NIGERIA - MAIN LIBRARY 04/23/2025 0185713 04/23/2025 Books